00403nam a2200157Ia 4500001000500000005001700005008004100022041000800063082001700071100002900088245007500117260000900192300002800201650000800229654000800237517520260306145849.0260306t2008||||xx |||||||||||||| ||spa|| aESP a336.985bR84 aRosales, G. Luis A.eAUT 0aConvergencia económica y en desarrollo humano en el norte del Perú c2008 a131 páginas :c21 cm. aGEN aCAN